<?xml version="1.0" encoding="UTF-8"?>
<record
    xmlns:xsi="http://www.w3.org/2001/XMLSchema-instance"
    xsi:schemaLocation="http://www.loc.gov/MARC21/slim http://www.loc.gov/standards/marcxml/schema/MARC21slim.xsd"
    xmlns="http://www.loc.gov/MARC21/slim">

  <leader>01472nam a2200229 a 4500</leader>
  <controlfield tag="001">000087068</controlfield>
  <controlfield tag="005">20200120224936.0</controlfield>
  <controlfield tag="008">090713s2001    ck     er|    ||||f spa d</controlfield>
  <datafield tag="020" ind1=" " ind2=" ">
    <subfield code="a">9789584213013</subfield>
  </datafield>
  <datafield tag="041" ind1="0" ind2=" ">
    <subfield code="a">spa</subfield>
  </datafield>
  <datafield tag="090" ind1=" " ind2=" ">
    <subfield code="a">AN</subfield>
    <subfield code="b">MENM</subfield>
  </datafield>
  <datafield tag="100" ind1="1" ind2=" ">
    <subfield code="a">Mendoza, Mario</subfield>
  </datafield>
  <datafield tag="245" ind1="1" ind2="4">
    <subfield code="a">Relato de un asesino /</subfield>
    <subfield code="c">Mario Mendoza.</subfield>
  </datafield>
  <datafield tag="250" ind1=" " ind2=" ">
    <subfield code="a">1a. ed.</subfield>
  </datafield>
  <datafield tag="260" ind1=" " ind2=" ">
    <subfield code="a">Bogot&#xE1; :</subfield>
    <subfield code="b">Planeta,</subfield>
    <subfield code="c">2001.</subfield>
  </datafield>
  <datafield tag="300" ind1=" " ind2=" ">
    <subfield code="a">275 p&#xE1;ginas.</subfield>
  </datafield>
  <datafield tag="490" ind1=" " ind2="0">
    <subfield code="a">Booket</subfield>
  </datafield>
  <datafield tag="520" ind1=" " ind2=" ">
    <subfield code="a">"Un hombre, Tafur, est&#xE1; en prisi&#xF3;n. Trata de reconstruir su vida a trav&#xE9;s de sus memorias para llegar a entender qu&#xE9; lo llev&#xF3; a cometer un cruel asesinato. Con una prosa que cautiva desde el comienzo, Mario Mendoza sumerge al lector en la ambivalente vida de un individuo que busca liberarse de sus obsesiones. Una extra&#xF1;a enfermedad que aqueja a Tafur desde peque&#xF1;o ha hecho que se mueva entre los extremos: una vida tranquila que lo lleva a tener horribles visiones y una vida entre los marginados que le procura tranquilidad. Viajando de un extremo a otro transcurren sus d&#xED;as, hasta que logra encontrar un fr&#xE1;gil equilibrio entre los dos mundos. Relato de un asesino, la tercera novela de Mario Mendoza, nos presenta un alucinante recorrido por el alma de un hombre, al tiempo que nos obliga a una desesperanzada y l&#xFA;cida traves&#xED;a por Bogot&#xE1; y todas las ciudades que en ella conviven."</subfield>
  </datafield>
  <datafield tag="650" ind1="1" ind2="4">
    <subfield code="a">Novela colombiana</subfield>
  </datafield>
  <datafield tag="650" ind1="2" ind2="4">
    <subfield code="a">Literatura colombiana</subfield>
  </datafield>
  <datafield tag="650" ind1="2" ind2="4">
    <subfield code="a">Asesinos en la literatura</subfield>
  </datafield>
  <datafield tag="999" ind1=" " ind2=" ">
    <subfield code="c">11825</subfield>
    <subfield code="d">11825</subfield>
  </datafield>
  <datafield tag="952" ind1=" " ind2=" ">
    <subfield code="0">0</subfield>
    <subfield code="1">1</subfield>
    <subfield code="2">ddc</subfield>
    <subfield code="4">0</subfield>
    <subfield code="7">0</subfield>
    <subfield code="8">LA</subfield>
    <subfield code="a">BPMOS</subfield>
    <subfield code="b">BPMOS</subfield>
    <subfield code="d">2020-01-20</subfield>
    <subfield code="l">3</subfield>
    <subfield code="m">1</subfield>
    <subfield code="o">ANMENM</subfield>
    <subfield code="p">MOS019760</subfield>
    <subfield code="r">2020-05-06</subfield>
    <subfield code="s">2020-05-06</subfield>
    <subfield code="t">ej.1</subfield>
    <subfield code="w">2020-01-20</subfield>
    <subfield code="y">BK</subfield>
    <subfield code="z">Quince d&#xED;as</subfield>
  </datafield>
</record>
